000 00678nam a22002052 4500
001 0000012866
005 20151217155853.0
008 090325s xx 000 0 eng d
040 _aKABU
_cKABU
100 1 _aBrown, Gerald G.
_@0000169835
245 1 0 _aChristian response to change in East African traditional societies /
_cby Gerald G. Brown.
250 _a1st ed.
260 _aLondon :
_bFriends Home Service Committee,
_c1973.
300 _a52 p.
650 0 _aChristian sects
_zKenya.
_@0000169836
650 0 _aChristianity
_zBuganda (Uganda)
_@0000169837
852 1 _9p100 KES
908 _a090325
950 _@1
999 _c13537
_d13537